000 00891nam a2200265 a 4500
001 000016132
003 DO-SdBNP
005 20250502073819.0
007 ta
008 100226s1980 dr 001 0 spa d
040 _aDO-SdBNP
_bspa
_cBNPHU
082 4 _a025.06351
_bR425d 1980
110 1 _aRepública Dominicana.
_bOficina Nacional de Administración y Personal
_926398
245 1 0 _aDirectorio del gobierno dominicano /
_cpresentación Raymundo Amaro Guzmán.
250 _a2a. ed.
260 _aSanto Domingo :
_bONAP,
_c1980.
300 _a415 p. ;
_c23 cm.
490 1 _aGuías informativas
_v1
590 _aInventariado, 2020/VM
651 1 4 _aRepública Dominicana
_xAdministración Pública
_vDirectorios
_936127
700 1 _aAmaro Guzmán, Raymundo
_9656
830 0 _aGuías informativas
_v1
_936128
910 _aValidado. Control de calidad. MMOLINA
942 _2ddc
_cLF1
999 _c15672
_d15672